<?xml version="1.0" encoding="UTF-8"?>
<record
    xmlns:xsi="http://www.w3.org/2001/XMLSchema-instance"
    xsi:schemaLocation="http://www.loc.gov/MARC21/slim http://www.loc.gov/standards/marcxml/schema/MARC21slim.xsd"
    xmlns="http://www.loc.gov/MARC21/slim">

  <leader>03140njm0a2200421   4500</leader>
  <controlfield tag="001">RU\NLR\ONIZ\197862</controlfield>
  <controlfield tag="005">20250708192228.0</controlfield>
  <datafield tag="035" ind1=" " ind2=" ">
    <subfield code="a">(NLR Aleph) 010405398</subfield>
  </datafield>
  <datafield tag="071" ind1="0" ind2="0">
    <subfield code="a">RDCD 00886</subfield>
  </datafield>
  <datafield tag="090" ind1=" " ind2=" ">
    <subfield code="a">13282333</subfield>
    <subfield code="c">13282333</subfield>
  </datafield>
  <datafield tag="100" ind1=" " ind2=" ">
    <subfield code="a">20140221d2012    |||y0rusy50      ca</subfield>
  </datafield>
  <datafield tag="102" ind1=" " ind2=" ">
    <subfield code="a">RU</subfield>
  </datafield>
  <datafield tag="126" ind1=" " ind2=" ">
    <subfield code="a">aguxjxu      ux</subfield>
    <subfield code="b">xxx</subfield>
  </datafield>
  <datafield tag="127" ind1=" " ind2=" ">
    <subfield code="a">000064</subfield>
  </datafield>
  <datafield tag="135" ind1=" " ind2=" ">
    <subfield code="a">honoannnanndn</subfield>
  </datafield>
  <datafield tag="200" ind1="1" ind2=" ">
    <subfield code="a">[&#x414;&#x438;&#x440;&#x438;&#x436;&#x438;&#x440;&#x443;&#x435;&#x442;] &#x415;&#x432;&#x433;&#x435;&#x43D;&#x438;&#x439; &#x421;&#x432;&#x435;&#x442;&#x43B;&#x430;&#x43D;&#x43E;&#x432;</subfield>
    <subfield code="b">&#x417;&#x432;&#x443;&#x43A;&#x43E;&#x437;&#x430;&#x43F;&#x438;&#x441;&#x44C;</subfield>
    <subfield code="f">&#x438;&#x441;&#x43F;&#x43E;&#x43B;&#x43D;.: &#x413;&#x43E;&#x441;&#x443;&#x434;&#x430;&#x440;&#x441;&#x442;&#x432;&#x435;&#x43D;&#x43D;&#x44B;&#x439; &#x430;&#x43A;&#x430;&#x434;&#x435;&#x43C;&#x438;&#x447;&#x435;&#x441;&#x43A;&#x438;&#x439; &#x441;&#x438;&#x43C;&#x444;&#x43E;&#x43D;&#x438;&#x447;&#x435;&#x441;&#x43A;&#x438;&#x439; &#x43E;&#x440;&#x43A;&#x435;&#x441;&#x442;&#x440;</subfield>
  </datafield>
  <datafield tag="210" ind1=" " ind2=" ">
    <subfield code="a">&#x41C;&#x43E;&#x441;&#x43A;&#x432;&#x430;</subfield>
    <subfield code="c">&#x424;&#x43E;&#x43D;&#x434; &#x415;&#x432;&#x433;&#x435;&#x43D;&#x438;&#x44F; &#x421;&#x432;&#x435;&#x442;&#x43B;&#x430;&#x43D;&#x43E;&#x432;&#x430;</subfield>
    <subfield code="d">2012</subfield>
  </datafield>
  <datafield tag="215" ind1=" " ind2=" ">
    <subfield code="a">1 &#x437;&#x432;. &#x434;&#x438;&#x441;&#x43A; (64 &#x43C;&#x438;&#x43D;), &#x432; &#x444;&#x443;&#x442;&#x43B;.</subfield>
    <subfield code="e">&#x43F;&#x440;&#x438;&#x43B;. (10 &#x441;.)</subfield>
  </datafield>
  <datafield tag="225" ind1="1" ind2=" ">
    <subfield code="a">&#x410;&#x43D;&#x442;&#x43E;&#x43B;&#x43E;&#x433;&#x438;&#x44F; &#x440;&#x443;&#x441;. &#x441;&#x438;&#x43C;&#x444;. &#x43C;&#x443;&#x437;&#x44B;&#x43A;&#x438;</subfield>
  </datafield>
  <datafield tag="300" ind1=" " ind2=" ">
    <subfield code="a">&#x417;&#x430;&#x43F;&#x438;&#x441;&#x438; 1985, 1987 &#x433;&#x433;</subfield>
  </datafield>
  <datafield tag="327" ind1="1" ind2=" ">
    <subfield code="a">1-2. &#x421;&#x44E;&#x438;&#x442;&#x430; &#x2116; 1 : &#x440;&#x435; &#x43C;&#x438;&#x43D;. : &#x441;&#x43E;&#x447;. 43 : (1878-1879) ;</subfield>
    <subfield code="a">&#x412;&#x43E;&#x435;&#x432;&#x43E;&#x434;&#x430; : &#x441;&#x438;&#x43C;&#x444;&#x43E;&#x43D;&#x438;&#x447;&#x435;&#x441;&#x43A;&#x430;&#x44F; &#x431;&#x430;&#x43B;&#x43B;&#x430;&#x434;&#x430; &#x43F;&#x43E; &#x410;. &#x41C;&#x438;&#x446;&#x43A;&#x435;&#x432;&#x438;&#x447;&#x443; (&#x444;&#x440;&#x430;&#x433;&#x43C;&#x435;&#x43D;&#x442;&#x44B;) : &#x441;&#x43E;&#x447;. 78 : (1891) / &#x41F;. &#x418;. &#x427;&#x430;&#x439;&#x43A;&#x43E;&#x432;&#x441;&#x43A;&#x438;&#x439;</subfield>
  </datafield>
  <datafield tag="464" ind1=" " ind2="0">
    <subfield code="1">2001#$a&#x421;&#x44E;&#x438;&#x442;&#x430; &#x2116; 1$e&#x440;&#x435; &#x43C;&#x438;&#x43D;.$e&#x441;&#x43E;&#x447;. 43$e(1878-1879)</subfield>
    <subfield code="1">6061#$a&#x421;&#x44E;&#x438;&#x442;&#x44B; &#x434;&#x43B;&#x44F; &#x441;&#x438;&#x43C;&#x444;&#x43E;&#x43D;&#x438;&#x447;&#x435;&#x441;&#x43A;&#x43E;&#x433;&#x43E; &#x43E;&#x440;&#x43A;&#x435;&#x441;&#x442;&#x440;&#x430;$x&#x417;&#x432;&#x443;&#x43A;&#x43E;&#x437;&#x430;&#x43F;&#x438;&#x441;&#x44C;$y&#x420;&#x43E;&#x441;&#x441;&#x438;&#x44F;$z19 &#x432;&#x435;&#x43A;$2nlr_sh</subfield>
    <subfield code="1">686##$a&#x429;951.1-043(28)$vLBC/SL$2rubbk</subfield>
    <subfield code="1">701#1$9z01790$a&#x427;&#x430;&#x439;&#x43A;&#x43E;&#x432;&#x441;&#x43A;&#x438;&#x439;$b&#x41F;. &#x418;.$g&#x41F;&#x435;&#x442;&#x440; &#x418;&#x43B;&#x44C;&#x438;&#x447;$f1840-1893$4230$7ca</subfield>
    <subfield code="1">790#1$9z01701$a&#x10C;ajkovskij$bP. I.$gPetr Il`i&#x10D;$f1840-1893$4230$7ba</subfield>
    <subfield code="t">&#x421;&#x44E;&#x438;&#x442;&#x430; &#x2116; 1</subfield>
  </datafield>
  <datafield tag="464" ind1=" " ind2="0">
    <subfield code="1">2001#$a&#x412;&#x43E;&#x435;&#x432;&#x43E;&#x434;&#x430;$e&#x441;&#x438;&#x43C;&#x444;&#x43E;&#x43D;&#x438;&#x447;&#x435;&#x441;&#x43A;&#x430;&#x44F; &#x431;&#x430;&#x43B;&#x43B;&#x430;&#x434;&#x430; &#x43F;&#x43E; &#x410;. &#x41C;&#x438;&#x446;&#x43A;&#x435;&#x432;&#x438;&#x447;&#x443; (&#x444;&#x440;&#x430;&#x433;&#x43C;&#x435;&#x43D;&#x442;&#x44B;)$e&#x441;&#x43E;&#x447;. 78$e(1891)</subfield>
    <subfield code="1">604##$1700#1$a&#x41C;&#x438;&#x446;&#x43A;&#x435;&#x432;&#x438;&#x447;$g&#x410;&#x434;&#x430;&#x43C;$b&#x410;.$f1798-1855$150010$a&#x412;&#x43E;&#x435;&#x432;&#x43E;&#x434;&#x430;$x&#x417;&#x432;&#x443;&#x43A;&#x43E;&#x437;&#x430;&#x43F;&#x438;&#x441;&#x44C;$x&#x43C;&#x443;&#x437;&#x44B;&#x43A;&#x430;&#x43B;&#x44C;&#x43D;&#x44B;&#x435; &#x438;&#x43D;&#x442;&#x435;&#x440;&#x43F;&#x440;&#x435;&#x442;&#x430;&#x446;&#x438;&#x438;$2nlr_sh</subfield>
    <subfield code="1">6061#$a&#x421;&#x438;&#x43C;&#x444;&#x43E;&#x43D;&#x438;&#x447;&#x435;&#x441;&#x43A;&#x438;&#x435; &#x431;&#x430;&#x43B;&#x43B;&#x430;&#x434;&#x44B;$x&#x417;&#x432;&#x443;&#x43A;&#x43E;&#x437;&#x430;&#x43F;&#x438;&#x441;&#x44C;$y&#x420;&#x43E;&#x441;&#x441;&#x438;&#x44F;$z19 &#x432;&#x435;&#x43A;$2nlr_sh</subfield>
    <subfield code="1">686##$a&#x429;951.1-051(28)$vLBC/SL$2rubbk</subfield>
    <subfield code="1">701#1$9z01790$a&#x427;&#x430;&#x439;&#x43A;&#x43E;&#x432;&#x441;&#x43A;&#x438;&#x439;$b&#x41F;. &#x418;.$g&#x41F;&#x435;&#x442;&#x440; &#x418;&#x43B;&#x44C;&#x438;&#x447;$f1840-1893$4230$7ca</subfield>
    <subfield code="1">702#1$9z02790$a&#x41C;&#x438;&#x446;&#x43A;&#x435;&#x432;&#x438;&#x447;$b&#x410;.$g&#x410;&#x434;&#x430;&#x43C;$f1798-1855$4520$7ca</subfield>
    <subfield code="1">790#1$9z01701$a&#x10C;ajkovskij$bP. I.$gPetr Il`i&#x10D;$f1840-1893$4230$7ba</subfield>
    <subfield code="1">790#1$9z02702$aMickiewicz$bA. B.$gAdam Bernard$f1798-1855$4520$7ba</subfield>
    <subfield code="t">&#x412;&#x43E;&#x435;&#x432;&#x43E;&#x434;&#x430;</subfield>
  </datafield>
  <datafield tag="606" ind1="1" ind2=" ">
    <subfield code="a">&#x421;&#x438;&#x43C;&#x444;&#x43E;&#x43D;&#x438;&#x447;&#x435;&#x441;&#x43A;&#x430;&#x44F; &#x43C;&#x443;&#x437;&#x44B;&#x43A;&#x430; &#x440;&#x443;&#x441;&#x441;&#x43A;&#x430;&#x44F;</subfield>
    <subfield code="x">&#x417;&#x432;&#x443;&#x43A;&#x43E;&#x437;&#x430;&#x43F;&#x438;&#x441;&#x44C;</subfield>
    <subfield code="y">&#x420;&#x43E;&#x441;&#x441;&#x438;&#x44F;</subfield>
    <subfield code="z">19 &#x432;&#x435;&#x43A;</subfield>
    <subfield code="2">nlr_sh</subfield>
  </datafield>
  <datafield tag="606" ind1="1" ind2=" ">
    <subfield code="a">&#x418;&#x441;&#x43F;&#x43E;&#x43B;&#x43D;&#x438;&#x442;&#x435;&#x43B;&#x44C;&#x441;&#x43A;&#x43E;&#x435; &#x438;&#x441;&#x43A;&#x443;&#x441;&#x441;&#x442;&#x432;&#x43E; &#x434;&#x438;&#x440;&#x438;&#x436;&#x435;&#x440;&#x44B;</subfield>
    <subfield code="x">&#x417;&#x432;&#x443;&#x43A;&#x43E;&#x437;&#x430;&#x43F;&#x438;&#x441;&#x44C;</subfield>
    <subfield code="y">&#x420;&#x43E;&#x441;&#x441;&#x438;&#x44F;</subfield>
    <subfield code="z">20 &#x432;&#x435;&#x43A;</subfield>
    <subfield code="2">nlr_sh</subfield>
  </datafield>
  <datafield tag="686" ind1=" " ind2=" ">
    <subfield code="a">&#x429;951.1, 8(2)</subfield>
    <subfield code="v">LBC/SL</subfield>
    <subfield code="2">rubbk</subfield>
  </datafield>
  <datafield tag="700" ind1=" " ind2="1">
    <subfield code="9">z03790</subfield>
    <subfield code="a">&#x421;&#x432;&#x435;&#x442;&#x43B;&#x430;&#x43D;&#x43E;&#x432;</subfield>
    <subfield code="b">&#x415;. &#x424;.</subfield>
    <subfield code="f">1928-2002</subfield>
    <subfield code="g">&#x415;&#x432;&#x433;&#x435;&#x43D;&#x438;&#x439; &#x424;&#x435;&#x434;&#x43E;&#x440;&#x43E;&#x432;&#x438;&#x447;</subfield>
    <subfield code="4">250</subfield>
    <subfield code="7">ca</subfield>
  </datafield>
  <datafield tag="712" ind1="0" ind2="2">
    <subfield code="a">&#x413;&#x43E;&#x441;&#x443;&#x434;&#x430;&#x440;&#x441;&#x442;&#x432;&#x435;&#x43D;&#x43D;&#x44B;&#x439; &#x430;&#x43A;&#x430;&#x434;&#x435;&#x43C;&#x438;&#x447;&#x435;&#x441;&#x43A;&#x438;&#x439; &#x441;&#x438;&#x43C;&#x444;&#x43E;&#x43D;&#x438;&#x447;&#x435;&#x441;&#x43A;&#x438;&#x439; &#x43E;&#x440;&#x43A;&#x435;&#x441;&#x442;&#x440;</subfield>
    <subfield code="4">590</subfield>
    <subfield code="7">ca</subfield>
  </datafield>
  <datafield tag="790" ind1=" " ind2="1">
    <subfield code="9">z03700</subfield>
    <subfield code="a">Svetlanov</subfield>
    <subfield code="b">E.</subfield>
    <subfield code="f">1928-2002</subfield>
    <subfield code="g">Evgenij</subfield>
    <subfield code="4">250</subfield>
    <subfield code="7">ba</subfield>
  </datafield>
  <datafield tag="801" ind1=" " ind2="0">
    <subfield code="a">RU</subfield>
    <subfield code="b">NLR</subfield>
    <subfield code="c">20140221</subfield>
    <subfield code="g">PSBO</subfield>
  </datafield>
  <datafield tag="801" ind1=" " ind2="1">
    <subfield code="a">RU</subfield>
    <subfield code="b">NLR</subfield>
    <subfield code="c">20140221</subfield>
    <subfield code="2">rusmarc</subfield>
  </datafield>
  <datafield tag="801" ind1=" " ind2="2">
    <subfield code="a">RU</subfield>
    <subfield code="b">NLR</subfield>
    <subfield code="c">20210103</subfield>
  </datafield>
  <datafield tag="852" ind1=" " ind2=" ">
    <subfield code="a">NLR</subfield>
    <subfield code="b">&#x41C;&#x433;</subfield>
    <subfield code="j">&#x414;/1881</subfield>
    <subfield code="p">3877</subfield>
    <subfield code="t">1</subfield>
  </datafield>
  <datafield tag="942" ind1=" " ind2=" ">
    <subfield code="c">REC</subfield>
  </datafield>
  <datafield tag="980" ind1=" " ind2=" ">
    <subfield code="a">NB</subfield>
  </datafield>
  <datafield tag="980" ind1=" " ind2=" ">
    <subfield code="a">ONIZ</subfield>
  </datafield>
  <datafield tag="995" ind1=" " ind2=" ">
    <subfield code="5">2014-02-21</subfield>
    <subfield code="b">NLR01</subfield>
    <subfield code="c">NLR01</subfield>
    <subfield code="e">ONIZ</subfield>
    <subfield code="k">&#x414;/1881 &#x414;/1881</subfield>
    <subfield code="o">0</subfield>
    <subfield code="r">REC</subfield>
    <subfield code="s">1881_1881</subfield>
  </datafield>
</record>
